00179nam a2200073Ia 4500008004100000082001500041100001900056245003000075240331s9999 xx 000 0 und d a303.6bPAD aPadmakumara, M 0aThere are no more rainbow